ONE PIECE : toutes les primes (spoil=> wano)) - Statistiques

Statistiques générales
  • Ce quiz a été pris 164 fois
  • Le résultat moyen est 29 sur 104
Statistiques - réponses
Personnage(s) Prime % Correct
Tony Tony Chopper 100
81%
Bepo 500
75%
Monkey D. Luffy 1.500.000.000
50%
Jack 1.000.000.000
47%
BaggyDellinger 15.000.000
47%
Gem (Mr.5) 10.000.000
44%
DorryBrogy Kinoko 100.000.000
42%
Alvida 5.000.000
42%
Trafalgar D. Water LawDon Chinjao 500.000.000
42%
Rock (Yéti cool brothers)Scotch (Yéti cool brothers) Arlong 20.000.000
41%
Usopp KillerBartolomeo 200.000.000
40%
Vinsmoke SanjiPekoms Cavendish 330.000.000
38%
Charlotte DaifukuCharlotte Oven César Clown 300.000.000
37%
HigumaOcty 8.000.000
37%
Gin 12.000.000
36%
Babe (Mr.4) 3.200.000
36%
Nico Robin 130.000.000
35%
Boa SandersoniaBoa Marigold 40.000.000
35%
Drophy (Miss Merry Christmas) 14.000.000
34%
Kuro 16.000.000
34%
Roronoa zoroBasil Hawkins Gecko Moria 320.000.000
34%
Boa Hancock 80.000.000
34%
Don krieg 17.000.000
33%
Portgas D. AceLittle Oz Jr. 550.000.000
33%
Buchi et Sham 7.000.000
33%
Bentham (Mr.2 Bonclay) 32.000.000
32%
Chew (Smack) 5.500.000
32%
Devil Dias 60.000.000
32%
Charlotte Snack 600.000.000
32%
Crocodil 81.000.000
32%
JangoKuroobi 9.000.000
32%
Machvise 11.000.000
31%
Montblanc Cricket 25.000.000
31%
Nami 66.000.000
30%
Charlotte Perospero 700.000.000
30%
Franky (Cutty Flam)Rockstar 94.000.000
30%
Masira 23.000.000
29%
Brook 83.000.000
29%
Charlotte Mont d'Or 120.000.000
28%
Coribou 190.000.000
28%
Gladius 31.000.000
28%
Donquijote Doflamingo 340.000.000
28%
Sarquiss 38.000.000
28%
Sabo 602.000.000
28%
Porchemy 3.400.000
27%
Zala (Miss Doublefinger) 35.000.000
27%
Karasu Ulti 400.000.000
27%
Mikita (Miss Valentine) 7.500.000
27%
Urouge 108.000.000
26%
Jewerly Bonney 140.000.000
26%
Don Sai Squardo Caribou 210.000.000
26%
Galdino (Mr.3)Foxy 24.000.000
26%
Demalo Black 26.000.000
26%
Marianne (Miss Goldenweek) 29.000.000
26%
Bartolomew Kuma 296.000.000
26%
Scratchmen ApooCapon Bege 350.000.000
26%
ShôjôBobby Funk Mikazuki 36.000.000
26%
Roshio 42.000.000
26%
Eustass Kid 470.000.000
26%
Black MariaEdward Weeble 480.000.000
26%
TrébolDiamante Pica 99.000.000
26%
Charlotte Katakuri 1.057.000.000
25%
Queen 1.320.000.000
25%
Fisher Tiger 230.000.000
25%
Gotti 90.000.000
25%
Bellamy 195.000.000
24%
Lip Doughty 88.000.000
24%
Albion 92.000.000
24%
Vito 95.000.000
24%
Jinbe 438.000.000
23%
X-Drake 222.000.000
22%
Izo 510.000.000
22%
Doc Q. 72.000.000
22%
Gyro 73.000.000
22%
Daz Bonez (Mr.1) 75.000.000
22%
King 1.390.000.000
21%
Page One 290.000.000
21%
Edward Newgate 5.046.000.000
21%
Barbe Rose 52.000.000
21%
Gol D. Roger 5.564.800.000
21%
Kelly Funk 57.000.000
21%
Señor Pink 58.000.000
21%
Van Augur 64.000.000
21%
SuleimanGambia 67.000.000
21%
Lao G 61.000.000
20%
Charlotte Cracker 860.000.000
20%
Morley 293.000.000
19%
Sasaki 472.000.000
19%
Bobbin 105.500.000
18%
Charlotte Smoothie 932.000.000
18%
Bluejam 14.300.000
16%
Pedro 382.000.000
16%
Marco 1.374.000.000
15%
Orlumbus 148.000.000
15%
Baron Delœuf 429.000.000
15%
Charlotte Linlin 4.388.000.000
15%
Kaido 4.611.100.000
15%
Who's who 546.000.000
15%
Lindbergh 316.000.000
14%
Belo Betty 457.000.000
14%
Shanks 4.048.900.000
12%
Barbe Brune 80.060.000
12%
Marshall D. Teach 2.247.600.000
11%
Laffitte 42.200.000
9%
Aucun quiz correspondant
Distribution des résultats
% des personnes avec chaque résultat
Percentile par nombre de réponses
Votre historique - résultats
Vous n’avez pas pris ce quiz